| 000 | 00586nam a22002177a 4500 | ||
|---|---|---|---|
| 003 | URS | ||
| 005 | 20250828100520.0 | ||
| 008 | 250403b ||||| |||| 00| 0 eng d | ||
| 020 | _a9712303551 | ||
| 040 | _cURS | ||
| 050 |
_aH62 _b.S33 1980 |
||
| 100 | 1 | _aSanchez, Custodiosa A. | |
| 245 | _aMethods and techniques of research | ||
| 264 |
_aManila _bRex Book Store _c©1980 |
||
| 300 |
_axii, 211 pages ; _c22 cm |
||
| 336 |
_2rdacontent _atext |
||
| 337 |
_2rdamedia _aunmediated |
||
| 338 |
_2rdacarrier _avolume |
||
| 650 | 0 |
_aSocial sciences _910915 _xResearch |
|
| 942 |
_cF _2lcc |
||
| 999 |
_c85163 _d85161 |
||